000 01772nam a22002417a 4500
003 AR-RoUNCS
005 20260225131005.0
008 180202s2014 sp r 001 spa
020 _z978-84-15725-50-3
040 _aAR-BaBN
_bspa
_cAR-RoUNCS
_eaacr
080 _082-312.4(73)
100 1 _aCussler, Clive
_eautor
_4aut
245 1 3 _aLas tumbas /
_cClive Cussler y Thomas Perry.
250 _a1a ed.
260 _aBarcelona :
_bRandom,
_c2014.
300 _a409 p. ;
_c21 cm.
520 3 _aEn este apasionantethriller Sam y Remi Fargo deberán superar uno de los retos más difíciles y peligrosos a los que jamás se han enfrentado: hallar el tesoro perdido de Atila, rey de los hunos. Sam y Remi Fargo participan en una excavación arqueológica altamente secreta donde realizan un hallazgo que les llevará a perseguir un tesoro de valor inestimable. Las pistas les conducen hasta la tumba escondida de Atila el Huno, quien fue enterrado con una gran fortuna en oro y joyas. Pero este sitio arqueológico milenario ha sido saqueado y nunca se ha recuperado el botín. En busca del tesoro perdido, viajarán a Hungría, Italia, Francia, Rusia y Kazajistán, y descubrirán otras cinco tumbas históricas profanadas. El matrimonio Fargo se verá envuelto en una trama criminal en la que aparecen codiciosos cazadores de tesoros, un estafador ruso que se hace pasar por un refinado hombre de negocios y un húngaro despiadado que afirma ser descendiente directo de Atila y que no se frenará ante nada ni nadie para conseguir apropiarse de los tesoros del gran rey de los hunos.
650 7 _2embne
_aLiteratura norteamericana
653 _aNovelas de suspenso
655 7 _2embne
_aNovelas de suspense
700 1 _aPerry, Thomas
_eautor
942 _2udc
_cOG
_n0
999 _c915
_d915